Определение экономической эффективности вариантов механической обработки деталей

Dades bibliogràfiques
Autor principal: Великанов К. М. Карп Миронович
Idioma:rus
Publicat: Ленинград, Машиностроение, 1970
Edició:2-е изд., перераб. и доп.
Matèries:
Format: MixedMaterials Llibre
KOHA link:https://koha.lib.tpu.ru/cgi-bin/koha/opac-detail.pl?biblionumber=59675

MARC

LEADER 00000nam0a2200000 4500
001 59675
005 20231101211828.0
035 |a (RuTPU)RU\TPU\book\63130 
090 |a 59675 
100 |a 20040123d1970 km y0rusy50 ca 
101 0 |a rus 
102 |a RU 
105 |a a z 001zy 
200 1 |a Определение экономической эффективности вариантов механической обработки деталей  |f К. М. Великанов 
205 |a 2-е изд., перераб. и доп. 
210 |a Ленинград  |c Машиностроение  |d 1970 
215 |a 240 с.  |c ил. 
320 |a Библиогр.: с. 225-237. 
606 1 |a Механическая обработка  |x Технология  |2 stltpush  |3 (RuTPU)RU\TPU\subj\43590  |9 63073 
610 1 |a металлообработка 
610 1 |a холодная обработка 
610 1 |a детали 
610 1 |a механическая обработка 
610 1 |a экономическая эффективность 
675 |a 621.91  |v 3 
700 1 |a Великанов  |b К. М.  |g Карп Миронович 
801 1 |a RU  |b 63413507  |c 20040123  |g PSBO 
801 2 |a RU  |b 63413507  |c 20230410  |g PSBO 
942 |c BK